World Cup Of Darts 2025 - Statistiken

Allgemein
  • Dieses Quiz wurde 149 mal gespielt
  • Das Durchschnittsergebnis liegt bei 39 aus 80
Antwortstatistiken
Land Spieler % Korrekt
Deutschland Martin Schindler
97%
Australien Damon Heta
96%
England Luke Humphries
94%
England Luke Littler
94%
Belgien Dimitri Van den Bergh
91%
Schottland Gary Anderson
91%
Wales Gerwyn Price
91%
Nordirland Josh Rock
91%
Nordirland Daryl Gurney
90%
Niederlande Danny Noppert
88%
Wales Jonny Clayton
88%
Schottland Peter Wright
88%
Australien Simon Whitlock
88%
Belgien Mike De Decker
87%
Österreich Mensur Suljović
86%
Polen Krzysztof Ratajski
84%
Deutschland Ricardo Pietreczko
84%
Portugal José de Sousa
83%
Frankreich Thibault Tricole
78%
Niederlande Gian van Veen
77%
Litauen Darius Labanauskas
75%
Österreich Rusty-Jake Rodriguez
75%
Singapur Paul Lim
72%
Lettland Madars Razma
71%
Schweden Jeffrey de Graaf
70%
Schweiz Stefan Bellmont
68%
Irland William O’Connor
68%
Kroatien Boris Krčmar
67%
Irland Keane Barry
59%
Norwegen Cor Dekker
58%
Kanada Matt Campbell
57%
Philippinen Lourence Ilagan
55%
Dänemark Benjamin Drue Reus
54%
Südafrika Devon Petersen
52%
Neuseeland Haupai Puha
52%
Philippinen Paolo Nebrida
52%
Tschechien Karel Sedláček
51%
Indien Nitin Kumar
49%
USA Danny Lauby
43%
Hongkong Man Lok Leung
42%
Polen Radek Szagański
39%
Finnland Marko Kantele
38%
Schweden Oskar Lukasiak
38%
USA Jules van Dongen
36%
Hongkong Lok Yin Lee
36%
Italien Michele Turetta
36%
Finnland Teemu Harju
35%
Südafrika Cameron Carolissen
33%
Frankreich Jacques Labre
33%
Kanada Jim Long
33%
Japan Tomoyo Goto
33%
Argentinien Jesús Sálate
32%
Kroatien Pero Ljubić
28%
Japan Ryūsei Azemoto
28%
Tschechien Petr Křivka
25%
Gibraltar Justin Hewitt
22%
Schweiz Alex Fehlmann
20%
Portugal Bruno Nascimento
20%
Italien Massimo Dalla Rosa
20%
Litauen Mindaugas Baršauskas
20%
Gibraltar Craig Galliano
19%
Lettland Valters Melderis
19%
China Zong Xiaochen
19%
Neuseeland Mark Cleaver
17%
Indien Mohan Kumar Goel
17%
Argentinien Víctor Guillín
17%
China Wen Lihao
17%
Spanien Daniel Zapata Castillo
16%
Ungarn György Jehirszki
16%
Bahrain Hassan Bucheeri
16%
Malaysia Jenn Ming Tan
16%
Norwegen Kent Jøran Sivertsen
16%
Singapur Phuay Wei Tan
16%
Taiwan Pupo Teng-lieh
16%
Spanien Ricardo Fernández Carballo
16%
Dänemark Andreas Hyllgaardhus
14%
Ungarn Gergely Lakatos
14%
Malaysia Tengku Shah
14%
Bahrain Sadiq Dasmal
13%
Taiwan Lu An-sheng
12%
Keine übereinstimmenden Quizze gefunden
Verteilung der Resultate
Anzahl Personen mit jedem Resultat
Perzentil nach korrekt beantworteten Fragen
Ihre Resultats-Entwicklung
Sie haben dieses Quiz noch nicht gespielt